Nordic capitalisms and globalization : (Record no. 4400)

MARC details
000 -LEADER
fixed length control field 01228cam a2200289 a 4500
001 - CONTROL NUMBER
control field BD-DhSAU 4400
003 - CONTROL NUMBER IDENTIFIER
control field BD-DhSAU
005 - DATE AND TIME OF LATEST TRANSACTION
control field 20150217135717.0
008 - FIXED-LENGTH DATA ELEMENTS--GENERAL INFORMATION
fixed length control field 150217s2011 enk o 000 0 eng d
020 ## - INTERNATIONAL STANDARD BOOK NUMBER
International Standard Book Number 9780199594535 (hbk.)
020 ## - INTERNATIONAL STANDARD BOOK NUMBER
International Standard Book Number 0199594538 (hbk.)
040 ## - CATALOGING SOURCE
Original cataloging agency BD-DhSAU
082 ## - DEWEY DECIMAL CLASSIFICATION NUMBER
Classification number -
Item number -
245 00 - TITLE STATEMENT
Title Nordic capitalisms and globalization :
Remainder of title new forms of economic organization and welfare institutions /
Statement of responsibility, etc. edited by Peer Hull Kristensen, Kari Lilja.
260 ## - PUBLICATION, DISTRIBUTION, ETC. (IMPRINT)
Place of publication, distribution, etc. Oxford :
Name of publisher, distributor, etc. Oxford University Press,
Date of publication, distribution, etc. 2011.
300 ## - PHYSICAL DESCRIPTION
Extent xxi, 300 p. ;
Dimensions 24 cm.
500 ## - GENERAL NOTE
General note Oxford scholarship online Business and Management
590 ## - Name of Cataloguer
Name of Cataloger roy
650 #0 - SUBJECT ADDED ENTRY--TOPICAL TERM
Topical term or geographic name as entry element Economic development
Geographic subdivision Scandinavia
Form subdivision Case studies.
650 #0 - SUBJECT ADDED ENTRY--TOPICAL TERM
Topical term or geographic name as entry element Capitalism
Geographic subdivision Scandinavia
Form subdivision Case studies.
650 #0 - SUBJECT ADDED ENTRY--TOPICAL TERM
Topical term or geographic name as entry element Globalization
General subdivision Economic aspects
Geographic subdivision Scandinavia.
651 #0 - SUBJECT ADDED ENTRY--GEOGRAPHIC NAME
Geographic name Scandinavia
General subdivision Economic conditions.
700 1# - ADDED ENTRY--PERSONAL NAME
Personal name Kristensen, Peer Hull.
700 1# - ADDED ENTRY--PERSONAL NAME
Personal name Lilja, Kari.
856 ## - ELECTRONIC LOCATION AND ACCESS
Uniform Resource Identifier <a href="http://www.oxfordscholarship.com/view/10.1093/acprof:oso/9780199594535.001.0001/acprof-9780199594535?rskey=7fHhzc&result=57">http://www.oxfordscholarship.com/view/10.1093/acprof:oso/9780199594535.001.0001/acprof-9780199594535?rskey=7fHhzc&result=57</a>
Link text Full text through SAU LAN
856 ## - ELECTRONIC LOCATION AND ACCESS
Uniform Resource Identifier <a href="http://doi.org/10.1093/acprof:oso/9780199594535.001.0001">http://doi.org/10.1093/acprof:oso/9780199594535.001.0001</a>
Link text DOI : Full text through SAU LAN
942 ## - ADDED ENTRY ELEMENTS (KOHA)
Source of classification or shelving scheme Dewey Decimal Classification
Koha item type Online book

No items available.